000 00530nam a2200169 a 4500
001 000033443
003 OSt
005 20201015123445.0
008 110829s1956 dr 000 0 spa d
040 _aDO-SdBNP
_bspa
_cBNPHU
049 _aBNPD
082 _aRD923.17291
_bB333
245 0 0 _aBatista en la picota =
_b(Batista in the pillory) /.
260 _aCiudad Trujillo, República Dominicana :
_bPublicaciones de la Sociedad Dominicna de Prensa,
_c1956.
_fEditora del Caribe
300 _a163 p. ;
_c23 cm.
942 _2ddc
_cLBS1
999 _c32934
_d32934